NBA Player to Country - Statistics

General Stats
  • This quiz has been taken 83,608 times
    30,203 since last reset
  • The average score is 15 of 24
Answer Stats
Player Country % Correct
Giannis Antetokounmpo Greece
98%
Yao Ming China
95%
Nikola Jokić Serbia
92%
Victor Wembanyama France
90%
Steve Nash Canada
86%
Dirk Nowitzki Germany
85%
Pau Gasol Spain
84%
Luka Dončić Slovenia
82%
Manu Ginóbili Argentina
69%
Andrei Kirilenko Russia
65%
Hedo Türkoğlu Turkey
58%
Nenê Brazil
54%
Joel Embiid Cameroon
54%
Steven Adams New Zealand
53%
Hakeem Olajuwon Nigeria
53%
Arvydas Sabonis Lithuania
51%
Andrea Bargnani Italy
49%
Toni Kukoč Croatia
44%
Manute Bol Sudan
42%
Al Horford Dominican Republic
39%
Dikembe Mutombo D.R. Congo
36%
Luc Longley Australia
33%
Rik Smits Netherlands
30%
Marcin Gortat Poland
28%
No matching quizzes found
Score Distribution
Percent of People with Each Score
Percentile by Number Answered
Your Score History
You have not taken this quiz since the last reset